000 00779nmc a2200277 a 4500
003 AR-BaBNM
005 20251128211225.0
008 103020s1998 ||||||||||||||000 | spa||
020 _a84-95294-06-0
040 _cAR-BaBNM
100 1 _aVan Haecht, Anne
245 1 0 _aLa escuela va a examen
_bpreguntas a la sociología de la educación
260 _aBuenos Aires
_bMiño y Dávila
_c1998
300 0 _a278 p.
490 0 _aColección Educación y sociedad
650 4 _aSOCIOLOGIA DE LA EDUCACION
650 4 _aSOCIOLOGIA CULTURAL
650 4 _aCLASES SOCIALES
650 4 _aESCUELAS
650 4 _aPOLITICAS PUBLICAS
653 _aCONSTRUCTIVISMO
700 1 _aWaksman, Vera
_etraductor
800 1 _aPérez Lindo, Augusto
942 _cBK
998 _cEugenia
999 _c18792
_d18792